| 000 | 00664nac a22001811u 4500 | ||
|---|---|---|---|
| 010 | _a 99063014 | ||
| 020 | _a156205810X (pbk.) | ||
| 082 |
_a005.72 _bN6691 |
||
| 090 |
_c156 _d156 |
||
| 100 | _aNielsen, Jakob, | ||
| 245 | 1 | 0 |
_aDesigning Web usability / _cJakob Nielsen. |
| 260 |
_aIndianapolis, Ind. : _bNew Riders, _cc2000. |
||
| 300 |
_axiii, 419 p. : _bcol. ill. ; _c25 cm. |
||
| 650 | 0 |
_aWeb sites _xDesign. |
|
| 650 | 0 | _aUser interfaces (Computer systems) | |
| 942 |
_cBB _k005.72N6691 |
||
| 999 |
_c156 _d156 |
||